Electronic Circuits : Discrete and Integrated /
Gardado en:
| Outros autores: | , , |
|---|---|
| Formato: | Sách giấy |
| Idioma: | English |
| Publicado: |
Singapore :
McGraw-Hill ,
1989
|
| Các nhãn: |
Engadir etiqueta
Sen Etiquetas, Sexa o primeiro en etiquetar este rexistro!
|
| Thư viện lưu trữ: | Thư viện Trường Đại học Đà Lạt |
|---|
| LEADER | 00663nam a2200253 4500 | ||
|---|---|---|---|
| 001 | DLU020000319 | ||
| 005 | ##12/15/1998 | ||
| 041 | # | # | |a eng |
| 082 | # | # | |a 621.319 2 |b Ele |
| 245 | # | # | |a Electronic Circuits : |b Discrete and Integrated / |c Donald L. Schilling, Charles Belove, Tuvia Apelewicz |
| 260 | # | # | |a Singapore : |b McGraw-Hill , |c 1989 |
| 300 | # | # | |a XX, 936 tr.; |c 23 cm. |
| 700 | # | # | |a Apelewicz, Tuvia |
| 700 | # | # | |a Belove, Charles |
| 700 | # | # | |a Schilling, Donald L. |
| 992 | # | # | |a 240000 |
| 994 | # | # | |a DLU |
| 900 | # | # | |a False |
| 911 | # | # | |a Administrator |
| 925 | # | # | |a G |
| 926 | # | # | |a A |
| 927 | # | # | |a SH |
| 980 | # | # | |a Thư viện Trường Đại học Đà Lạt |